|
|
|
|
| LEADER |
00000ny a22000003n 4500 |
| 005 |
20110620143454.0 |
| 008 |
080305s2007 ck a b 000 0 spa |
| 020 |
|
|
|a 9789588298665
|
| 035 |
|
|
|a 2756
|
| 040 |
|
|
|a DLC
|c DLC
|d vLex
|
| 090 |
|
|
|c 894
|d 894
|
| 100 |
1 |
|
|a Naranjo Galves, Rodrigo.
|
| 245 |
1 |
0 |
|a Eficacia del control fiscal en Colombia
|h [Recurso electrn̤ico]
|b derecho comparado, historia, macroorganizaciones e instituciones /
|c Rodrigo Naranjo Galves.
|
| 256 |
|
|
|a Servicio en ln̕ea
|
| 260 |
|
|
|a Bogot,̀ D.C. :
|b Universidad del Rosario,
|c 2007.
|
| 300 |
|
|
|a 270 p. :
|b il. ;
|c 24 cm.
|
| 490 |
1 |
|
|a Coleccin̤ Textos de jurisprudencia
|
| 504 |
|
|
|a Incluye referencias bibliogrf̀icas (p. 251-261)
|
| 506 |
1 |
|
|a Contenido solo disponible en los productos indicados
|d vLex Global
|d vLex Global (Academic Edition, excluding Law Schools)
|d vLex Global (U.S. Academic Edition, Law Schools)
|d vLex Global (U.S. Academic Edition, excluding Law Schools)
|d vLex Global (Academic Edition, Law Schools)
|
| 650 |
0 |
4 |
|a Administracin̤ pb︢lica
|z Colombia
|
| 650 |
0 |
4 |
|a Empresas
|x Financiacin̤
|x Gestin̤
|
| 710 |
2 |
|
|a Universidad del Rosario (Colombia)
|
| 740 |
0 |
|
|a vLex Libros (Servicios en ln̕ea)
|
| 830 |
|
|
|a Textos de Jurisprudencia.
|p Coleccin̤
|
| 856 |
4 |
0 |
|u http://vlex.com/source/2756
|z Acceso restringido
|
| 942 |
|
|
|c BOOK
|
| 999 |
|
0 |
|a Finance, Public
|z Colombia.
|
| 999 |
|
0 |
|a Fiscal policy
|z Colombia.
|